Konzervgyárból zöld mezőre? kinőtte lakossági üzletágát a szegedi Szilánk /

Elmentve itt :
Bibliográfiai részletek
Szerző: Kovács András
Dokumentumtípus: Cikk
Megjelent: 2008-09-29
Sorozat:Délmagyarország 98 No. 228
Kulcsszavak:Szeged, Ipar üveggyártás Szeged, Szilánk Cégcsoport (Szeged)
Online Access:http://dmarchiv.bibl.u-szeged.hu/140719
LEADER 00562nab a2200157 i 4500
001 delm140719
005 20200103100622.0
008 200103s2008 hu o 0|| hun d
040 |a SZTE Délmagyarország Archívum  |b hun 
041 |a hun 
100 1 |a Kovács András 
245 1 0 |a Konzervgyárból zöld mezőre?   |h [elektronikus dokumentum] :  |b kinőtte lakossági üzletágát a szegedi Szilánk /  |c  Kovács András 
260 |c 2008-09-29 
300 |a 10 
490 0 |a Délmagyarország  |v 98 No. 228 
695 |a Szeged, Ipar üveggyártás Szeged, Szilánk Cégcsoport (Szeged)